[Event "Tilburg"]
[Site "Tilburg"]
[Date "1994.??.??"]
[Round "1"]
[White "Pigusov, Evgeny"]
[Black "Van der Werf, Mark"]
[Result "1-0"]
[WhiteElo "2575"]
[BlackElo "2430"]
[Annotator "Horn,Pe"]
[PlyCount "111"]
[EventDate "1994.09.??"]
[EventType "k.o."]
[EventRounds "7"]
[EventCountry "NED"]
[SourceTitle "CBM 044"]
[Source "ChessBase"]
[SourceDate "1995.02.01"]
[SourceVersion "1"]
[SourceVersionDate "1995.02.01"]
[SourceQuality "1"]

1. Nf3 d5 2. g3 c6 3. Bg2 Bg4 4. b3 Nd7 5. Bb2 Ngf6 6. d3 e6 7. O-O Bc5 8. Nbd2
Qe7 9. a3 O-O 10. h3 Bh5 11. e4 Ne8 $2 (11... a5) (11... dxe4 12. dxe4 e5) 12.
b4 Bb6 $6 (12... Bd6) 13. c4 dxe4 14. dxe4 Rd8 (14... c5 $16) 15. c5 Bxf3 16.
Qxf3 Bc7 17. Nc4 $16 b5 (17... Nef6 18. e5 Nd5 19. Nd6 $16) (17... e5 18. Rfd1
$16) (17... b6 $16) 18. Ne3 Be5 19. Qe2 Bxb2 20. Qxb2 Qf6 21. Qc2 Nc7 22. Rad1
(22. e5 $2 Nxe5 23. f4 Nd3 24. Bxc6 Qd4) 22... a5 23. Rd6 Nb8 24. Ng4 Qe7 25.
Rfd1 (25. e5 axb4 26. axb4 Nd5 $16) 25... axb4 26. axb4 e5 27. h4 {/\ Bh3,h5}
h5 28. Ne3 Ne6 $2 {/\ Nd4} (28... g6 29. Bh3 $16) 29. Nf5 Qf6 (29... Qc7 30.
Qc3 g6 31. Qxe5 gxf5 32. exf5 Ng7 33. f6 Ne6 34. Qxh5 {/\ Be4+-}) 30. Bh3 g6
31. Ne3 Rde8 (31... Qe7 32. Bxe6 fxe6 33. Qb2 $18) 32. Qa2 Kg7 33. R1d2 Kh7 34.
Qb2 Kg7 35. Nd5 cxd5 36. exd5 Re7 37. dxe6 fxe6 38. Re2 Nd7 39. Qd2 Rff7 40.
Bxe6 Rxe6 41. Rxd7 Ree7 42. Rxe7 Rxe7 43. Qd3 Qc6 44. Qd6 Qe8 (44... Qxd6 45.
cxd6 Rd7 46. Rxe5 Rxd6 47. Rxb5 $18) 45. Ra2 e4 46. Ra8 Qxa8 47. Qxe7+ Kg8 48.
Qe6+ Kg7 49. c6 e3 50. Qe7+ Kg8 51. c7 exf2+ 52. Kxf2 Qa2+ 53. Ke3 Qb3+ 54. Kf4
Qc4+ 55. Kg5 Qd5+ 56. Kh6 (56. Kh6 Qd2+ 57. Qg5 $18) 1-0

[Event "Lazne Bohdanec"]
[Site "Lazne Bohdanec"]
[Date "1995.??.??"]
[Round "7"]
[White "Jansa, Vlastimil"]
[Black "Blatny, Pavel"]
[Result "0-1"]
[WhiteElo "2525"]
[BlackElo "2485"]
[Annotator "Horn,Pe"]
[PlyCount "68"]
[EventDate "1995.01.??"]
[EventType "tourn"]
[EventRounds "11"]
[EventCountry "CZE"]
[EventCategory "10"]
[SourceTitle "CBM 045"]
[Source "ChessBase"]
[SourceDate "1995.04.01"]
[SourceVersion "1"]
[SourceVersionDate "1995.04.01"]
[SourceQuality "1"]

1. Nf3 d5 2. g3 c6 3. Bg2 Bg4 4. O-O Nd7 5. d3 Ngf6 6. Nbd2 e6 7. e4 Be7 8. h3
Bh5 9. Qe1 dxe4 $146 (9... O-O) 10. dxe4 Qa5 {Blatny leaves the usual patterns
very quickly.} 11. a3 (11. Nc4 Qxe1 12. Rxe1 $14) (11. Qe3 $5) 11... h6 12. Rb1
(12. b4 $4 Bxb4) 12... g5 13. b4 Qa4 14. e5 g4 15. Nd4 (15. exf6 gxf3 16. fxe7
fxg2 17. Kxg2 $13) (15. hxg4 Nxg4 16. Nb3 $14) 15... gxh3 16. Bxh3 Nd5 17. c4
Nc3 18. Rb3 c5 19. Rxc3 (19. Nxe6 $4 Ne2+) 19... cxd4 20. Rd3 a5 21. b5 O-O-O
22. Rxd4 Nc5 23. Rxd8+ Rxd8 24. Qe3 Nd3 25. Ne4 (25. Qxh6 $4 Be2) (25. Bg2 {
/\ Qa7+-} Bc5 26. Qe4 Rd7 27. Nf3 $16) 25... Nxe5 $4 (25... Qxc4 $13) (25...
Qc2 $13) 26. Nc3 $18 Qxc4 27. Qxe5 Bg6 28. Bf4 Bd6 29. Qf6 Bxf4 30. gxf4 (30.
Qxf4 Qxc3 31. Rc1 Bc2 32. Qxf7 $16) 30... Rg8 31. Bg2 (31. Kh2 $2 Bf5) 31...
Bh5 32. Rc1 $4 (32. f3 $18) 32... Bf3 33. Ne2 Rxg2+ 34. Kh1 (34. Kf1 Bxe2+ 35.
Kxg2 Qxc1 $19) 34... Qxc1+ (34... Qxc1+ 35. Nxc1 Rg6+ $19) 0-1

[Event "Linares Anibal op 07th"]
[Site "Linares"]
[Date "2000.01.09"]
[Round "3"]
[White "Minasian, Artashes"]
[Black "Jonkman, Harmen"]
[Result "1-0"]
[WhiteElo "2600"]
[BlackElo "2421"]
[Annotator "Horn,Pe"]
[PlyCount "115"]
[EventDate "2000.01.07"]
[EventType "swiss"]
[EventRounds "10"]
[EventCountry "ESP"]
[SourceTitle "CBM 075"]
[Source "ChessBase"]
[SourceDate "2000.04.05"]
[SourceVersion "1"]
[SourceVersionDate "2000.04.05"]
[SourceQuality "1"]

1. Nf3 d5 2. g3 c6 3. Bg2 Nf6 4. O-O Bg4 5. d3 Nbd7 6. h3 Bh5 7. Qe1 e5 8. e4
dxe4 9. dxe4 Bc5 10. Nbd2 O-O 11. Nc4 Re8 {Es besteht keine Notwendigkeit, das
Läuferpaar an dieser Stelle herzugeben.} (11... Bxf3 12. Bxf3 Qe7 13. Qe2 Qe6
14. Kg2 h5 15. a4 Rfe8 16. Bd2 g6 17. b4 Be7 18. a5 $14 {Larsen-Vaganian,
London 1985}) 12. a4 Qc7 (12... a5 $5 {Gelfand}) 13. Nh4 b5 $146 ({Die bislang
überzeugendste schwarze Vorstellung in dieser Position gab Gelfand:} 13... Bf8
14. Bg5 Bg6 (14... b5 15. axb5 ({Nach der aktuellen Partie müßte man damit
rechnen, daß Minasian hier} 15. Na5 {gespielt hätte.}) 15... cxb5 16. Ne3 h6
17. Bxf6 Nxf6 18. g4 Bg6 19. Nxg6 fxg6 {gab Gelfand 1991 an.}) 15. Nxg6 (15.
Rd1 $5 {Gelfand} h6 16. Bxf6 Nxf6 17. Nxg6 fxg6 18. h4 {[%cal Yg2h3]}) 15...
hxg6 16. Qe2 Nc5 17. Bxf6 gxf6 18. h4 Bh6 19. b4 (19. Rfd1 b5 {beurteilte
Gelfand 1991 als günstig für Schwarz, aber nach} 20. axb5 cxb5 21. Nd6 {
fällt es nicht leicht, Ersatz für den Pb5 zu finden.}) 19... Ne6 20. c3 b5 21.
axb5 cxb5 22. Ne3 $11 {Kindermann,S-Gelfand,B/Munich 1991 Da die armenischen
Spitzenspieler sich gerne auf die Stellung nach 13.Nh4 einlassen, ist es
offensichtlich, daß sie irgendwo eine Verstärkung gefunden haben.}) (13... Rad8
14. Bg5 Bg6 15. Nxg6 hxg6 16. c3 a5 17. h4 b6 18. Bh3 Be7 19. b4 $1 $16 {
Aronian,L-Asrian,K/Yerevan/1999}) (13... Nb6 $6 14. Ne3 $1 a5 15. Bd2 Nbd7 16.
Nc4 b6 17. Kh1 Qd8 18. Nf5 Bg6 19. Nfd6 Re6 20. Nb7 Qc7 21. Nxc5 Nxc5 22. f3
$14 {Movsesian,S-Pinter,J/AUT-chT/2000}) 14. Na5 Nb6 $2 (14... bxa4 $6 15. Rxa4
Nb6 16. Ra2 $16 {Weiß hat die bessere Bauernstruktur.}) (14... Bb6 {gefällt
mir hier besser.} 15. Nb3 a6) 15. Qc3 $1 Nfd7 (15... Nxa4 16. Rxa4 Bd4 17. Rxd4
(17. Qxc6 Qxc6 18. Nxc6 bxa4 19. Nxd4 exd4 20. e5 $44) 17... exd4 18. Qe1 $16)
(15... Be2 $2 16. Qxc5 (16. Re1 Bc4 17. Nxc4 Nxc4 18. Qf3 $14) 16... Nxa4 17.
Rxa4 Bxf1 18. Ra2 $16) 16. Nb3 (16. axb5 cxb5 17. g4 Bg6 18. Nxg6 hxg6 19. Nb3
b4) 16... b4 (16... Nxa4 $2 17. Rxa4 Bxf2+ 18. Rxf2 bxa4 19. Qa5 $16 {Die
schwarzen Mehrbauern sind nicht gut genug, um den Figurennachteil
auszugleichen.}) 17. Qe1 Bf8 (17... Be7 18. Nf5) 18. a5 Nc4 19. g4 Bg6 (19...
Be7 $2 20. f4 $18) 20. Qe2 Nd6 21. Rd1 {Angesichts des Drucks in der d-Linie
und des geschwächten schwarzen Damenflügels hat Weiß die klare Führung in der
Partie.} ({Riskanter ist} 21. f4 exf4 22. Nxg6 hxg6 23. Bxf4 Ne5 $132) 21... f6
{[%cal Yg6f7]} 22. Nxg6 hxg6 23. Bf1 {Ein Manöver, das man im Königsindischen
Angriff bei dieser Zentrumskonstellation häufig findet: der Bg2 wird über f1
und ggf. idealerweise c4 wieder ins Leben geführt.} Rac8 24. Qf3 c5 {[%cal
Yc5c4]} 25. Rxd6 $5 {Solche positionellen Qualitätsopfer gehören in Armenien
zum guten Ton.} (25. c3 bxc3 26. bxc3) 25... Bxd6 26. Bc4+ {Weiß hat jetzt die
unangefochtene Oberhoheit auf den weißen Feldern. Nominal hat Schwarz eine
Qualität mehr, aber beide schwarzen Türme können im Augenblick nur davon
träumen, so wirksam wie der Bc4 zu sein.} Kf8 {Eine schwierige Entscheidung,
da es in beiden Fällen keine schnelle Widerlegung gibt.} (26... Kh7 {Sieht
angesichts der Mattgefahren in der h-Linie krank aus; das Matt ist aber 
(kurzfristig) nicht so einfach zu realisieren.} 27. Be3 (27. g5 fxg5 28. Bxg5
Be7 $13) (27. h4 Nb8 28. g5 (28. h5 g5 29. Be3 $44 Nc6) (28. Be3) 28... Rf8 29.
Qg3) (27. Qg3 g5 28. h4 Rh8 (28... g6 29. hxg5 Rh8 {ist Zugumstellung}) 29.
hxg5 g6 (29... fxg5 30. Bxg5 $44) 30. Be3 $44 Kg7) 27... Rh8 (27... Nf8 28. Kg2
Ne6 29. Rh1 Nf4+ 30. Kg1) 28. Kg2 Rce8 29. Rh1 Nf8 30. h4 Ne6 31. h5 $40) 27.
Qd3 {[%cal Yd3d5]} Ke7 (27... Qc6 28. Bb5 Qc7 29. Bc4) 28. Be3 Nf8 $2 (28...
Qc6 29. a6 Qc7 30. Na5 Nb6 31. Nb7 (31. Bb5 Rh8 32. Kg2 Kf8 33. Rd1 Be7 34. Nc6
$44) 31... Nxc4 (31... Rh8 32. Rd1 Rxh3 33. Nxd6 Rch8 34. Nb5 Rh1+ 35. Kg2
R8h2+ 36. Kf3 Rh3+ 37. Ke2 $18) 32. Qxc4 Kf8 33. Ra5 $44) 29. Qd5 Qc6 30. Qf7+
Kd8 31. Qxg7 Be7 32. Rd1+ Nd7 33. Nxc5 (33. Bf7 Rf8 34. Bxg6 $18) 33... Bxc5
34. Bxc5 Rc7 35. Rd5 Kc8 36. Qxg6 $18 Nxc5 37. Rxc5 Qxc5 38. Qxe8+ Kb7 39. a6+
Kb6 40. b3 Ka5 41. h4 Qc6 42. Qxc6 Rxc6 43. h5 Rc8 44. Kg2 Kb6 45. f4 exf4 46.
Kf3 Kc5 47. Kxf4 Kd6 48. Kf5 Ke7 49. h6 Rc5+ 50. Bd5 Rxc2 51. h7 Rh2 52. Kg6
Kf8 53. Bg8 Rh4 54. Be6 Rh2 55. Bf5 Rh1 56. Kxf6 Rh6+ 57. Bg6 Rh5 58. g5 1-0

[Event "Petrov Memorial op"]
[Site "St Petersburg"]
[Date "2000.02.08"]
[Round "2"]
[White "Akhmetov, Artiom"]
[Black "Bu, Xiangzhi"]
[Result "0-1"]
[WhiteElo "2438"]
[BlackElo "2565"]
[Annotator "Horn,Pe"]
[PlyCount "90"]
[EventDate "2000.02.05"]
[EventType "swiss"]
[EventRounds "9"]
[EventCountry "RUS"]
[SourceTitle "CBM 076"]
[Source "ChessBase"]
[SourceDate "2000.05.31"]
[SourceVersion "1"]
[SourceVersionDate "2000.05.31"]
[SourceQuality "1"]

1. Nf3 Nf6 2. g3 d5 3. Bg2 c6 4. O-O Bf5 5. d3 h6 6. Nbd2 e6 7. Qe1 Bh7 8. e4
dxe4 {Üblicherweise verzichtet Schwarz auf diesen Tausch.} 9. dxe4 Na6 10. Qe2
$146 (10. a3 Nc5 11. Ne5 Qd4 12. Ndc4 $2 Ncxe4 $17 {Neiman,E-Collas,D/Toulouse
1995}) 10... Nc5 (10... Nb4 {führt zu keinen konkreten Ergebnissen, da der Nb4
nach} 11. Ne1 {[%cal Ya2a3] doch wieder zurückgeworfen wird.}) 11. Ne5 Qc7 ({
Eine konkrete Begründung für den Tausch im 8.Zug könnte} 11... Qd4 {sein, aber
nach} 12. Nec4 {behauptet Weiß seine Stellung im Zentrum.}) 12. Nd3 Rd8 (12...
O-O-O $6 {wäre ein Spiel mit dem Feuer}) 13. Nxc5 Bxc5 14. Nb3 Be7 15. a4 O-O
16. a5 (16. Bd2 $5) 16... Nd7 17. Be3 ({Weiß konnte hier mit} 17. Bf4 e5 {
provozieren.} 18. Be3) 17... c5 18. Nd2 Bf6 19. Nc4 b5 (19... Ne5 20. Bf4) 20.
axb6 axb6 21. Bf4 $1 (21. f4) 21... e5 {[%csl Gd5] Damit tut sich ein
lohnendes Ziel für den Nc4 auf.} 22. Bd2 Qc6 (22... b5 $4 23. Ba5) 23. Ra7 $1 (
{Es gab hier auch Alternativen wie} 23. Rfd1) 23... Nb8 24. Bc3 Rfe8 25. Rfa1 (
25. f3) 25... Re6 26. f3 {[%cal Yc4e3,Ye3d5]} Bg6 27. Bh3 Ree8 28. Kg2 (28. Ne3
$14) 28... Kh7 29. R1a3 {[%cal Ra3b3]} b5 30. Na5 Qd6 (30... Qb6 31. Rb7 $18)
31. Ra1 ({Warum nicht einfach} 31. Nb7 $1 {; danach sehe ich keine
ausreichende Verteidigung:} Qd1 32. Qf2 Nc6 (32... b4 33. Ra1 $18) 33. R7a6 Nb4
(33... Nb8 34. R6a5 $18) 34. Bxb4 cxb4 35. Ra1 $18) 31... b4 32. Nc4 $2 {
Ein schädlicher Zwischenzug.} (32. Be1 Re7 ({Erst nach} 32... Qb6 {war} 33. Nc4
$16 {angebracht.}) 33. Rxe7 Qxe7 34. Qb5 $16) 32... Qf8 33. Be1 Nc6 {Diese
willkommene Gelegenheit, mit dem Nb8 mit Tempo nach d4 zu laufen, hat Weiß
erst mit seinem unglücklichen 32.Zug ermöglicht.} 34. Rc7 Nd4 $15 35. Qf2 Bh5 {
Plötzlich sind die Rollen vertauscht: Schwarz setzt seinen Gegner unter Druck.}
36. Bf5+ $2 ({Einzig} 36. Bg4 {war hier angesagt:} Bxg4 37. fxg4 $11) 36...
Nxf5 37. exf5 e4 $1 $19 {Die Entscheidung.} 38. g4 (38. Qxc5 Qxc5 39. Rxc5
exf3+ 40. Kf1 Re2 41. c3 Bg4 42. Kg1 Bh3 $19) 38... exf3+ 39. Qxf3 Rd4 {
[%csl Rc4,Rg4]} 40. gxh5 (40. Ne3 Bg5 41. gxh5 Rxe3 $19) 40... Rxc4 41. c3 (41.
Qd3 Rxe1 $1 42. Rxe1 Qa8+ 43. Kh3 Rh4+ 44. Kg3 Rd4 $19) 41... Rce4 {Angesichts
der offenen Königsstellung kann Weiß nur noch auf ein Wunder hoffen.} 42. Bg3 (
42. Bf2 $142) 42... Re2+ 43. Kh3 R8e4 44. Raa7 Qe8 45. cxb4 (45. Rxf7 R2e3 46.
Qf2 Kg8 $1 $19 {gönnt Weiß gar nichts.} (46... Rh4+ 47. Kg2 Qe4+ 48. Kg1 Rg4
49. Rxf6 Re1+ 50. Qxe1 Qxe1+ 51. Kg2 Qe4+ {gewinnt aber auch.})) 45... R2e3 (
45... R2e3 46. Qf2 Rh4+ 47. Kg2 Qe4+ $19) 0-1

[Event "Helsinki op"]
[Site "Helsinki"]
[Date "1992.??.??"]
[Round "3"]
[White "Pigusov, Evgeny"]
[Black "Piskov, Yury"]
[Result "0-1"]
[WhiteElo "2565"]
[BlackElo "2500"]
[Annotator "Horn,Pe"]
[PlyCount "66"]
[EventDate "1992.09.??"]
[EventType "swiss"]
[EventRounds "9"]
[EventCountry "FIN"]
[SourceTitle "CBM 032"]
[Source "ChessBase"]
[SourceDate "1993.02.01"]
[SourceVersion "1"]
[SourceVersionDate "1993.02.01"]
[SourceQuality "1"]

1. Nf3 d5 2. g3 c6 3. Bg2 Bg4 4. b3 Nd7 5. Bb2 Qc7 6. d3 (6. d4) 6... e5 7. e4
(7. O-O $1 {Espig-Knaak, Leipzig 1977}) 7... dxe4 8. dxe4 f6 $5 $10 9. Nbd2 Bc5
10. O-O Ne7 11. a3 a5 12. c3 Be6 13. b4 Bd6 14. Qe2 {/\ Nc4} (14. Qc2 $10)
14... b5 15. Nh4 $6 (15. c4 $5 bxc4 16. Nxc4 axb4 17. Nxd6+ Qxd6 18. axb4 Rxa1
19. Rxa1) 15... O-O 16. Nf5 Nb6 $1 (16... Nxf5 17. exf5 Bxf5 18. Qf3) 17. Nxd6
$2 (17. Ne3) 17... Qxd6 18. Rfd1 Qc7 19. Rac1 Nec8 20. Bf1 Nd6 21. Qe3 Rfd8 22.
h4 Rd7 23. Be2 Rad8 24. Ba1 a4 25. Bb2 $2 Bb3 $1 26. Nxb3 $2 (26. Re1) 26...
Ndc4 $1 $19 27. Rxd7 Rxd7 28. Qf3 axb3 29. Qg4 (29. Rb1 $2 Nd2 $19) 29... Nxb2
30. Qe6+ Kf8 31. Qxb3 N2c4 32. Rc2 Rd8 33. a4 bxa4 0-1

[Event "Groningen op"]
[Site "Groningen"]
[Date "1990.??.??"]
[Round "6"]
[White "Vanheste, Jeroen"]
[Black "Kuijf, Marinus"]
[Result "1/2-1/2"]
[WhiteElo "2370"]
[BlackElo "2445"]
[Annotator "Horn,Pe"]
[PlyCount "78"]
[EventDate "1990.??.??"]
[EventType "swiss"]
[EventRounds "9"]
[EventCountry "NED"]
[SourceTitle "CBM 022"]
[Source "ChessBase"]
[SourceDate "1991.06.01"]
[SourceVersion "1"]
[SourceVersionDate "1991.06.01"]
[SourceQuality "1"]

1. Nf3 d5 2. g3 Bg4 3. Bg2 e6 4. O-O Nd7 5. b3 Be7 6. Bb2 Bf6 7. d4 Ne7 8. Nbd2
c5 9. h3 Bh5 10. e3 Nc6 11. Qc1 cxd4 (11... Rc8 $5) 12. Nxd4 Nxd4 13. Bxd4 Bxd4
14. exd4 O-O 15. c4 dxc4 (15... Nb6 $5 16. c5 Nc8) 16. Nxc4 Rb8 17. Qa3 a6 18.
d5 exd5 19. Bxd5 Ne5 20. Bg2 Nd3 {/\ Be2} 21. Nb2 Re8 22. Nxd3 Qxd3 23. Rfe1
Bf3 $6 (23... Be2 $10) 24. Bxf3 Qxf3 25. Qa4 Re2 26. Rxe2 Qxe2 27. Rc1 Qe6 28.
Qg4 Qe8 29. Rd1 g6 30. Qd7 Qe2 31. Rc1 Qf3 32. Re1 h5 33. Re3 Qf6 34. Kg2 Qd8
35. Re7 Qxd7 36. Rxd7 b6 37. Kf3 $2 (37. Ra7 a5 38. Kf1 $14) 37... Rc8 38. Rd6
Rc2 39. Rxb6 Rxa2 1/2-1/2

[Event "Linares 13th"]
[Site "Linares"]
[Date "1995.03.05"]
[Round "4"]
[White "Akopian, Vladimir Eduardovic"]
[Black "Karpov, Anatoly"]
[Result "1/2-1/2"]
[WhiteElo "2655"]
[BlackElo "2780"]
[Annotator "Horn,Pe"]
[PlyCount "87"]
[EventDate "1995.03.01"]
[EventType "tourn"]
[EventRounds "13"]
[EventCountry "ESP"]
[EventCategory "17"]
[SourceTitle "CBM 046"]
[Source "ChessBase"]
[SourceDate "1995.06.01"]
[SourceVersion "1"]
[SourceVersionDate "1995.06.01"]
[SourceQuality "1"]

1. Nf3 Nf6 2. g3 d5 3. Bg2 c6 4. O-O Bg4 5. b3 Bxf3 {He could have waited, but
perhaps he already had the following move in his mind.} 6. Bxf3 h5 $6 $146 {
It doesn't look to me like a Karpov move.} (6... g6 7. Bb2 Bg7 8. Bg2 O-O 9. d4
Nbd7 10. Nd2 Re8 11. c4 e5 12. dxe5 Nxe5 13. Qc2 {remis/Sale-Laketic/JUG-ch/
1991}) 7. d4 {Avoiding e7-e5.} Nbd7 8. c4 e6 9. Nc3 Be7 10. Bb2 Qa5 11. a3 {
Preparing b4 and avoiding Ba3.} Rd8 {Any attack on the white doesn't promise
much, as Bf3 defends the Kg1 well. On the other hand, it seems extremely
difficult, to find a good place for Ke8.} (11... O-O-O $2 12. b4 $40) 12. Qc2 {
Preparing e4} h4 13. cxd5 {Opening the centre is of course a good answer to
the black demonstration.} cxd5 (13... exd5 $2 14. e4 $16 {and the position of
Ke8 is even weaker than in the game.}) 14. e4 dxe4 15. Nxe4 Nd5 16. b4 Qb5 (
16... Qb6) (16... Qc7 17. Qxc7 (17. Qb3 $5) (17. Qe2 $5) 17... Nxc7 18. Nc5 b6
19. Nb7 Rb8 20. Rac1 Nd5 21. Bxd5 exd5 22. Rc7 $16) 17. Nc3 {><d5 is the key
to progress for white.} Nxc3 18. Qxc3 hxg3 19. hxg3 Bd6 (19... Nf6 20. d5 $1
$40 (20. Qc7 Nd5)) 20. d5 (20. Kg2 $5) (20. Rfe1 $5) 20... e5 (20... Be5 $2 21.
Qc2 {only helps white.}) 21. Kg2 {/\ Rh1} f5 22. Qd2 (22. Rh1 Kf7) 22... Kf7
23. Be2 Qb6 24. Rh1 Nf6 {><d5} 25. f3 Rc8 26. Bd3 g6 27. Rae1 Rxh1 28. Rxh1 a5
(28... Nxd5 $4 29. Rh7+ $18) 29. Qg5 (29. bxa5 Qb3) 29... Rg8 (29... axb4 30.
Bxf5 $1 gxf5 31. Rh6 Rc2+ (31... Ng8 32. Qxf5+ Ke7 33. Rh7+ $18) (31... Be7 32.
Qg6+ Kf8 33. Rh8+ $18) 32. Kh3 Be7 (32... Ng8 33. Rh7+ $18) 33. Qg6+ $18) 30.
Bc4 Qc7 (30... axb4 31. Bxe5 $1 Bxe5 32. d6+ Ke8 33. Bxg8 $18) 31. Bb3 Qe7 (
31... axb4 32. Bxe5 $18) 32. bxa5 e4 33. f4 e3 34. Qxf6+ $2 $14 (34. Be5 e2 $8
(34... Ng4 35. Rh7+ $18) (34... Ne4 35. Rh7+ $18) (34... Rc8 35. Bxf6 Qxf6 36.
Rh7+ $18) (34... Nh5 35. Rxh5 gxh5 36. Qxf5+ Ke8 37. Ba4+ Kd8 38. Bf6 $18) (
34... Bxe5 35. d6+ $18) 35. Re1 Ne4 (35... Rh8 36. Rxe2 Rh5 $2 37. Qxf6+ Qxf6
38. Bxf6 Kxf6 39. Re6+ $18) 36. Qh6 (36. Qxe7+ Kxe7 37. Rxe2 $16) 36... Ke8 37.
Rxe2 Bxe5 38. d6 $1 $18) 34... Qxf6 35. Rh7+ Rg7 36. Rxg7+ Kxg7 37. Bxf6+ Kxf6
38. a4 Bb4 39. Kf3 Bxa5 40. Kxe3 Bb6+ 41. Kf3 Bc5 42. Bc4 b6 43. Bb5 Ke7 44.
Bc6 1/2-1/2

[Event "Linares 13th"]
[Site "Linares"]
[Date "1995.03.02"]
[Round "2"]
[White "Akopian, Vladimir Eduardovic"]
[Black "Beliavsky, Alexander G"]
[Result "0-1"]
[WhiteElo "2655"]
[BlackElo "2650"]
[Annotator "Horn,Pe"]
[PlyCount "82"]
[EventDate "1995.03.01"]
[EventType "tourn"]
[EventRounds "13"]
[EventCountry "ESP"]
[EventCategory "17"]
[SourceTitle "CBM 046"]
[Source "ChessBase"]
[SourceDate "1995.06.01"]
[SourceVersion "1"]
[SourceVersionDate "1995.06.01"]
[SourceQuality "1"]

1. Nf3 {Marin} d5 2. g3 Nf6 3. Bg2 c6 4. O-O Bg4 5. b3 Nbd7 6. Bb2 e6 7. d3 Bd6
(7... Be7 {Marin}) (7... Bc5 {Marin}) 8. Nbd2 O-O 9. h3 Bh5 10. e4 dxe4 (10...
e5 {is the main line}) 11. dxe4 Be5 $6 (11... Bxf3 12. Qxf3 Be5 13. c3 b5 14.
Qe2 Qb6 15. Kh2 Bd6 16. Rad1 e5 17. Nf3 Qc7 18. Rd2 Rfe8 19. Rfd1 Bf8 20. Ne1
a5 21. c4 $14 {Ribli-Sisniega/Mexico/1980}) 12. c3 {This is standard in such
positions: White wants to keep his Bb2. Be5 will not be able to hold his
position in the centre.} Bc7 13. Ba3 $1 $146 {White only seldom gets this
chance; a5/a3 is played at some stage.} Re8 14. Qc2 a5 (14... e5 $14) 15. Nd4
Qb8 (15... e5 16. Nf5) 16. Rae1 (16. f4 $4 e5) (16. Rfe1 {Marin} Ra6) (16. c4
$6 {Marin} Be5 17. Bb2 Qd6 18. N4f3 (18. N2f3 Bxf3 19. Nxf3 Bxb2 20. Qxb2 Nxe4)
18... Bxb2 19. Qxb2 Bxf3 20. Bxf3 e5 $15 {><d4}) (16. Rac1 $1 {Marin (/\c4-c5,
Nc4, ><b6, d6)} Ra6 17. c4 $16) 16... a4 $2 {Inviting white to enlargen his
influence on the Q's side.} (16... Bg6 $14) (16... Ra6 $142 $5 {Marin (/\b5,
c5)} 17. c4 {(/\c5+/-)} b5 18. cxb5 cxb5 19. Nc6 (19. Rc1 Bd6 20. Bb2 (20. Nc6
$4 Rxc6 21. Qxc6 Bxa3 $17) 20... Qb6 {(/\Be5)} 21. Nc6 $6 e5 22. Rfe1 (22. Qd3
Bc5) 22... Kh8 {/\Rc8} (22... Nc5 23. Bxe5 Qxc6 24. Bxd6 Qxd6 25. e5 $1 Bg6 26.
Qxc5 Qxd2 27. Red1 Qxa2 28. Qxb5 Rae6 29. exf6 $16)) 19... Qb6 20. Rc1 (20.
Ne7+ Kh8 {/\b4}) 20... Bxg3 $5 (20... b4 21. Bb2 Be2 22. Nc4 Bxc4 23. Qxc4 $16
Bxg3 $6 24. Bd4 Qxc6 25. Qxc6 Rxc6 26. Rxc6) 21. Ne7+ Rxe7 (21... Kh8 22. Nc8
$1) 22. Bxe7 h6 23. Qc8+ Kh7 24. e5 $5 Bxe5 (24... Nxe5 25. Bc5 $18) 25. Rc6
Qd4 26. Qxa6 Qxd2 $14 {/~/=}) 17. b4 Bg6 18. c4 Qa7 19. c5 Rad8 {/\ Nxc5} 20.
b5 $1 Be5 21. b6 (21. bxc6 $2 Bxd4 22. cxd7 Nxd7 $17) (21. N2f3 $5 {Marin})
21... Qa6 22. N4f3 $18 {><a4} Bb8 23. Rb1 {/\ Rb4} (23. Nh4 $6 Ne5) 23... Ne5
24. Nxe5 (24. Rb4 {Marin} Qd3 $1 25. Qxd3 Rxd3 26. Rxa4 Nxf3+ 27. Nxf3 Bxe4 28.
Ne1 Bxg2 $1 $13) 24... Bxe5 25. Nc4 (25. Rb4 $2 Qe2 (25... Qd3 $1 {Marin}))
25... Bd4 26. Nd6 (26. Rb4 $1 Bxc5 (26... Ra8 27. Nd6 $18) (26... Nd5 {Marin}
27. Rxa4 Qb5 28. Rb1 Nc3 29. Rxb5 cxb5 30. Rb4 bxc4 31. Rxc4 $18) 27. Rxa4 Qb5
28. Ra5 $18) 26... Rxd6 27. cxd6 e5 28. Rfd1 $2 (28. Bc5 Nd7 (28... Nxe4 29.
Bxe4 Bxe4 30. d7 Rd8 31. Qxe4 Bxc5 32. Qxe5 Bf8 33. Qe8 Qa8 34. Rfe1 $18) (
28... Bxc5 29. Qxc5 Nxe4 30. d7 Rd8 31. Qxe5 Qa8 32. Bxe4) 29. Bxd4 exd4 30.
Rfd1 $18) 28... Nd7 29. Rb4 (29. Bf1 Qa8 30. Rb4 $18) 29... c5 30. Rxa4 Qxb6
31. Rb1 Qc6 32. Ra7 (32. Qb3 $2 Bxe4 33. Bxe4 Qxe4 34. Qxb7 (34. Rxd4 exd4 (
34... Qxd4 {Marin} 35. Qxb7 Qxd6 $17)) 34... Bxf2+ 35. Kxf2 Qxa4) (32. Ra5 b6
33. Rab5 Qxd6) 32... b5 33. Kh2 h5 (33... b4 $2 34. Bxb4) 34. f3 (34. h4 $2 Nf6
35. f3 Bxe4 36. fxe4 Ng4+ 37. Kh1 Nf2+ $10) 34... h4 35. Bf1 (35. g4 {Marin}
Rb8 {(/\Qxd6)} 36. Bf1 Nf8 (36... Rb6 37. Bxb5 $1 Rxb5 38. Qa4 $18) (36... b4
37. Rxb4 Rxb4 38. Bxb4 Qxd6 39. Be1 $16) 37. Rc1 Ne6 $44 (37... Qxd6 38. Bxc5
Bxc5 39. Qxc5 Qd2+ 40. Bg2 Ne6 41. Qxe5 Rd8 $16 {/~/=})) (35. gxh4 $5 Rb8 {
Marin} 36. Bf1 Nf8 $132) 35... hxg3+ 36. Kg2 $2 (36. Kxg3 $16 Rb8 (36... b4 {
Marin} 37. Rxb4 Qxd6 38. Rbb7 Nf6 39. Bc4 Nh5+ 40. Kh2 Rf8 41. Qb3 Qf6 $44) 37.
Bxb5 Rxb5 38. Qa4 $18 (38. Qa4 Rb6 39. Qxc6 Rxc6 40. Rxd7 $18)) 36... Rb8 $13
37. Rxb5 (37. Bxb5 $2 Rxb5 38. Qa4 Rxb1 39. Qxc6 Rg1#) (37. Kxg3 {Marin} Nf6
$40) 37... Rxb5 38. Qa4 $2 (38. Rc7 Qb6 (38... Qxd6 39. Rc8+ Kh7 40. Bxb5 $18)
39. Rxd7 Ra5 40. Bc1 $13) 38... c4 39. Ra5 (39. Bxc4 $2 Rb1 $19 (39... Rb6 $2
40. Qxc6 Rxc6 41. Rxd7 Rxc4 42. Rc7 Ra4 43. d7 $18) (39... Bxa7 40. Qxb5 (40.
Bxb5 Qb6) 40... Bxe4 $1 (40... Qxb5 41. Bxb5 Bc5 42. Bxc5 Nxc5 43. d7 Ne6 44.
a4)) 40. Qxc6 (40. Bf1 {Marin} Bxe4 $1 $19) 40... Rg1#) 39... Bxe4 $1 40. Qxb5
Bxf3+ 41. Kxg3 Qe4 (41... Qe4 42. Bc1 Qe1+ (42... Nf6) 43. Kxf3 Qf2+ 44. Kg4 (
44. Ke4 {Marin} Nf6#) 44... Nf6+ 45. Kg5 Qg3+ 46. Kf5 Qg6#) 0-1